[Event "Chennai op 5th"]
[Site "Chennai"]
[Date "2013.01.23"]
[Round "11"]
[White "Krishna Teja, N."]
[Black "Arun, Karthik R"]
[Result "0-1"]
[WhiteElo "2118"]
[BlackElo "2303"]
[PlyCount "150"]
[EventDate "2013.01.16"]
[EventType "swiss"]
[EventRounds "11"]
[EventCountry "IND"]
[SourceTitle "CBM 152 Extra"]
[Source "ChessBase"]
[SourceDate "2013.02.25"]
[SourceVersion "1"]
[SourceVersionDate "2013.02.25"]
[SourceQuality "1"]

1. Nf3 Nf6 2. c4 e6 3. e3 c5 4. Be2 Be7 5. 0-0 0-0 6. b3 b6 7. Bb2 Bb7 8. d4 cxd4 9. Nxd4 Na6 10. Bf3 Qc8 11. Nc3 Rd8 12. Bxb7 Qxb7 13. Qf3 Qxf3 14. gxf3 Nb4 15. Rfd1 Rac8 16. a3 Nc6 17. Ncb5 a6 18. Nxc6 Rxc6 19. Nd4 Rc5 20. a4 Rg5+ 21. Kf1 Rh5 22. Kg2 Rc8 23. Ne2 Rg5+ 24. Ng3 d5 25. f4 Rg6 26. Bxf6 Bxf6 27. Rac1 dxc4 28. Rxc4 Rxc4 29. bxc4 h5 30. Kf3 h4 31. Ne4 Be7 32. Rd7 Kf8 33. Rb7 f5 34. Nd2 h3 35. Nf1 Rg1 36. Ke2 Bd8 37. a5 bxa5 38. c5 g5 39. c6 gxf4 40. c7 Bxc7 41. Rxc7 fxe3 42. Nxe3 Ra1 43. Ra7 a4 44. Rxa6 Kf7 45. Kf3 Ra2 46. Nc4 Kf6 47. Kg3 f4+ 48. Kf3 Kf5 49. Ra5+ Kf6 50. Ne5 Ke7 51. Ng6+ Kd6 52. Nxf4 a3 53. Ra6+ Kc5 54. Nxe6+ Kc4 55. Kg3 Kb4 56. f4 Rd2 57. Kxh3 a2 58. Kg3 Rd3+ 59. Kg4 Ra3 60. Rxa3 Kxa3 61. Nd4 Kb2 62. f5 a1Q 63. Nf3 Qa4+ 64. Kg5 Qe4 65. Nh4 Qe3+ 66. Kh5 Qf4 67. h3 Kc3 68. f6 Qxf6 69. Kg4 Kd3 70. Nf5 Qe6 71. Kf4 Qe4+ 72. Kg5 Qg2+ 73. Kh4 Ke4 74. Ng3+ Kf3 75. Nf5 Kf4 0-1

[Event "Chennai op 5th"]
[Site "Chennai"]
[Date "2013.01.21"]
[Round "9"]
[White "Raghunandan, Kaumandur Srihari"]
[Black "Arun, Karthik R"]
[Result "0-1"]
[WhiteElo "2051"]
[BlackElo "2303"]
[PlyCount "74"]
[EventDate "2013.01.16"]
[EventType "swiss"]
[EventRounds "11"]
[EventCountry "IND"]
[SourceTitle "CBM 152 Extra"]
[Source "ChessBase"]
[SourceDate "2013.02.25"]
[SourceVersion "1"]
[SourceVersionDate "2013.02.25"]
[SourceQuality "1"]

1. d4 Nf6 2. c4 e6 3. Nf3 b6 4. g3 Ba6 5. Qc2 Bb7 6. Bg2 c5 7. d5 exd5 8. cxd5 Bxd5 9. Nc3 Bc6 10. e4 Be7 11. Bf4 Na6 12. 0-0-0 Nb4 13. Qe2 0-0 14. a3 Qc8 15. Kb1 Na6 16. Ne5 Bb7 17. Bh3 Nb8 18. g4 d6 19. Nc4 Ba6 20. Nd5 Nc6 21. Qc2 Nxd5 22. Rxd5 Nd4 23. Qd3 Qe6 24. Re1 Bh4 25. Bg3 Bxg3 26. hxg3 Rfe8 27. Qc3 Bxc4 28. Qxc4 b5 29. Qc3 a5 30. Bg2 b4 31. Qc4 bxa3 32. bxa3 Rab8+ 33. Ka2 Rb6 34. Rb1 Rxb1 35. Kxb1 Qxg4 36. Rxd6 Qd1+ 37. Ka2 Qd2+ 0-1

[Event "Chennai op 5th"]
[Site "Chennai"]
[Date "2013.01.18"]
[Round "5"]
[White "Suresh, Kumar TJ"]
[Black "Arun, Karthik R"]
[Result "1/2-1/2"]
[WhiteElo "2145"]
[BlackElo "2303"]
[PlyCount "51"]
[EventDate "2013.01.16"]
[EventType "swiss"]
[EventRounds "11"]
[EventCountry "IND"]
[SourceTitle "CBM 152 Extra"]
[Source "ChessBase"]
[SourceDate "2013.02.25"]
[SourceVersion "1"]
[SourceVersionDate "2013.02.25"]
[SourceQuality "1"]

1. Nf3 Nf6 2. g3 b5 3. Bg2 Bb7 4. 0-0 e6 5. d3 Be7 6. e4 d6 7. b3 0-0 8. Bb2 c5 9. Nbd2 Qb6 10. a4 a6 11. Qe2 Nc6 12. e5 dxe5 13. Bxe5 Nxe5 14. Nxe5 Bxg2 15. Kxg2 Rad8 16. axb5 axb5 17. Kg1 Nd7 18. Nxd7 Rxd7 19. Qf3 Rd5 20. c4 Rdd8 21. Ne4 f5 22. Nd2 Bg5 23. Qe2 Bxd2 24. Qxd2 b4 25. Qe3 Rfe8 26. Ra4 1/2-1/2

[Event "Commonwealth-ch"]
[Site "Chennai"]
[Date "2012.11.25"]
[Round "4"]
[White "Deepan Chakkravarthy, J."]
[Black "Arun, Karthik R"]
[Result "1/2-1/2"]
[WhiteElo "2500"]
[BlackElo "2278"]
[PlyCount "60"]
[EventDate "2012.11.23"]
[EventType "swiss"]
[EventRounds "11"]
[EventCountry "IND"]
[SourceTitle "CBM 151 Extra"]
[Source "ChessBase"]
[SourceDate "2012.12.18"]
[SourceVersion "1"]
[SourceVersionDate "2012.12.18"]
[SourceQuality "1"]

1. e4 e5 2. Nf3 Nc6 3. Bb5 a6 4. Ba4 Nf6 5. 0-0 Be7 6. Re1 b5 7. Bb3 d6 8. c3 0-0 9. d4 Bg4 10. Be3 exd4 11. cxd4 Na5 12. Bc2 c5 13. h3 Bxf3 14. Qxf3 cxd4 15. Bxd4 Nc6 16. Qd1 Nxd4 17. Qxd4 Rc8 18. Bb3 d5 19. exd5 Bc5 20. Qd2 b4 21. Qd3 Qb6 22. Qf3 Ne4 23. Rxe4 Bxf2+ 24. Kh2 Rc1 25. d6 Bg1+ 26. Kg3 Qxd6+ 27. Qf4 Qg6+ 28. Qg4 Qd6+ 29. Qf4 Qg6+ 30. Qg4 Qd6+ 1/2-1/2

[Event "IND-ch Challengers 50th"]
[Site "Tirupati"]
[Date "2012.05.27"]
[Round "12.4"]
[White "Satyapragyan, Swayangsu"]
[Black "Arun, Karthik R"]
[Result "1/2-1/2"]
[WhiteElo "2451"]
[BlackElo "2277"]
[PlyCount "44"]
[EventDate "2012.05.18"]
[EventType "swiss"]
[EventRounds "13"]
[EventCountry "IND"]
[SourceTitle "CBM 148 Extra"]
[Source "ChessBase"]
[SourceDate "2012.06.22"]
[SourceVersion "1"]
[SourceVersionDate "2012.06.22"]
[SourceQuality "1"]

1. e4 e5 2. Nf3 Nc6 3. Bb5 a6 4. Ba4 Nf6 5. 0-0 Be7 6. d3 b5 7. Bb3 d6 8. a4 b4 9. Bg5 0-0 10. Nbd2 Be6 11. a5 Rb8 12. Bc4 Qc8 13. h3 h6 14. Be3 Rd8 15. Re1 d5 16. exd5 Nxd5 17. Qe2 Bf6 18. Ne4 Be7 19. Ned2 Bf6 20. Ne4 Be7 21. Ned2 Bf6 22. Ne4 Be7 1/2-1/2

[Event "IND-ch Challengers 50th"]
[Site "Tirupati"]
[Date "2012.05.25"]
[Round "10.21"]
[White "Abhishek, Kelkar"]
[Black "Arun, Karthik R"]
[Result "0-1"]
[WhiteElo "2134"]
[BlackElo "2277"]
[PlyCount "78"]
[EventDate "2012.05.18"]
[EventType "swiss"]
[EventRounds "13"]
[EventCountry "IND"]
[SourceTitle "CBM 148 Extra"]
[Source "ChessBase"]
[SourceDate "2012.06.22"]
[SourceVersion "1"]
[SourceVersionDate "2012.06.22"]
[SourceQuality "1"]

1. e4 g6 2. d4 Bg7 3. Nc3 d6 4. f4 a6 5. Nf3 b5 6. Bd3 Nd7 7. 0-0 c5 8. a4 cxd4 9. Ne2 bxa4 10. Nfxd4 Ngf6 11. c3 e5 12. Nc2 0-0 13. f5 Nc5 14. fxg6 fxg6 15. Be3 Qc7 16. Ng3 Be6 17. Nb4 Nxd3 18. Nxd3 Ng4 19. Qe2 Qc4 20. Rfd1 Rab8 21. h3 Nxe3 22. Qxe3 a5 23. Nf1 Bf6 24. Nd2 Qc6 25. Nf3 Bb3 26. Rd2 Bd8 27. Kh2 Bb6 28. Qh6 Qxe4 29. Qxh7+ Kxh7 30. Ng5+ Kh6 31. Nxe4 d5 32. Nec5 e4 33. Nxb3 axb3 34. Nc1 Rf5 35. g4 Bc7+ 36. Kg2 Rf3 37. Ne2 Rbf8 38. Ng1 Rg3+ 39. Kh1 e3 0-1

[Event "IND-ch Challengers 50th"]
[Site "Tirupati"]
[Date "2012.05.24"]
[Round "9.8"]
[White "Arun, Karthik R"]
[Black "Karthikeyan, Pandian"]
[Result "1/2-1/2"]
[WhiteElo "2277"]
[BlackElo "2421"]
[PlyCount "50"]
[EventDate "2012.05.18"]
[EventType "swiss"]
[EventRounds "13"]
[EventCountry "IND"]
[SourceTitle "CBM 148 Extra"]
[Source "ChessBase"]
[SourceDate "2012.06.22"]
[SourceVersion "1"]
[SourceVersionDate "2012.06.22"]
[SourceQuality "1"]

1. e4 e6 2. d3 d5 3. Nd2 Nf6 4. Ngf3 Nc6 5. c3 a5 6. Qc2 e5 7. g3 dxe4 8. dxe4 Bc5 9. Bg2 b6 10. Nb3 Bd6 11. 0-0 0-0 12. Rd1 Nd7 13. Nbd2 Ba6 14. Nf1 Nc5 15. Ne3 Qe8 16. Nd5 Rd8 17. Be3 Ne6 18. Nh4 f6 19. Rd2 Ne7 20. Rad1 Nxd5 21. Rxd5 Bc4 22. R5d2 Be7 23. b3 Ba6 24. Nf5 Rxd2 25. Qxd2 Bc5 1/2-1/2

[Event "IND-ch Challengers 50th"]
[Site "Tirupati"]
[Date "2012.05.21"]
[Round "6.4"]
[White "Arun, Karthik R"]
[Black "Swayams, Mishra"]
[Result "1/2-1/2"]
[WhiteElo "2277"]
[BlackElo "2420"]
[PlyCount "40"]
[EventDate "2012.05.18"]
[EventType "swiss"]
[EventRounds "13"]
[EventCountry "IND"]
[SourceTitle "CBM 148 Extra"]
[Source "ChessBase"]
[SourceDate "2012.06.22"]
[SourceVersion "1"]
[SourceVersionDate "2012.06.22"]
[SourceQuality "1"]

1. e4 e6 2. d3 d5 3. Nd2 c5 4. Ngf3 Nc6 5. g3 g6 6. Bg2 Bg7 7. 0-0 Nge7 8. Re1 b6 9. c3 a5 10. h4 Ba6 11. exd5 exd5 12. d4 cxd4 13. Nxd4 Nxd4 14. cxd4 0-0 15. Nf3 Nf5 16. Bh3 Nd6 17. Bg2 Nf5 18. Bh3 Nd6 19. Bg2 Nf5 20. Bh3 Nd6 1/2-1/2

[Event "IND-ch Challengers 50th"]
[Site "Tirupati"]
[Date "2012.05.21"]
[Round "5.5"]
[White "Sharma, Dinesh Kumar"]
[Black "Arun, Karthik R"]
[Result "1/2-1/2"]
[WhiteElo "2362"]
[BlackElo "2277"]
[PlyCount "93"]
[EventDate "2012.05.18"]
[EventType "swiss"]
[EventRounds "13"]
[EventCountry "IND"]
[SourceTitle "CBM 148 Extra"]
[Source "ChessBase"]
[SourceDate "2012.06.22"]
[SourceVersion "1"]
[SourceVersionDate "2012.06.22"]
[SourceQuality "1"]

1. e4 g6 2. d4 Bg7 3. Nc3 d6 4. Bg5 a6 5. Qd2 b5 6. a4 b4 7. Nd1 Nf6 8. f3 a5 9. c3 bxc3 10. bxc3 Nbd7 11. Bb5 0-0 12. Ne2 c5 13. 0-0 Ba6 14. Bxa6 Rxa6 15. Ne3 Qc7 16. Rfb1 Rb8 17. Rxb8+ Qxb8 18. Qd3 Ra7 19. Nc4 d5 20. exd5 Nxd5 21. dxc5 e6 22. c6 Ne5 23. Rb1 Qc7 24. Nxe5 Bxe5 25. Nd4 Bxh2+ 26. Kf1 Qe5 27. Bd2 Qh5 28. Nb5 Ra8 29. Qe4 Bg3 30. Ke2 Qh2 31. f4 Nxf4+ 32. Bxf4 Bxf4 33. Rd1 Qh5+ 34. Qf3 Qe5+ 35. Kf1 Rc8 36. Rd7 Qf5 37. c7 Kg7 38. Rd8 Qb1+ 39. Rd1 Qf5 40. g4 Qf6 41. Rd8 Rxc7 42. Nxc7 Qxd8 43. Qxf4 Qd3+ 44. Kf2 Qc2+ 45. Kf1 Qd3+ 46. Kf2 Qc2+ 47. Kf1 1/2-1/2

[Event "Chennai op 3rd"]
[Site "Chennai"]
[Date "2011.01.19"]
[Round "2"]
[White "Laxman, Rajaram"]
[Black "Arun, Karthik R"]
[Result "1-0"]
[WhiteElo "2463"]
[BlackElo "2294"]
[PlyCount "93"]
[EventDate "2011.01.18"]
[EventType "swiss"]
[EventRounds "11"]
[EventCountry "IND"]
[SourceTitle "CBM 140 Extra"]
[Source "ChessBase"]
[SourceDate "2011.03.01"]
[SourceVersion "1"]
[SourceVersionDate "2011.03.01"]
[SourceQuality "1"]

1. Nf3 Nf6 2. c4 e6 3. g3 b6 4. Bg2 Bb7 5. 0-0 c5 6. d4 cxd4 7. Qxd4 d6 8. Nc3 a6 9. Rd1 Be7 10. b3 Nbd7 11. Ng5 Bxg2 12. Kxg2 0-0 13. Ba3 Nc5 14. b4 Ncd7 15. Bb2 Rc8 16. Rac1 Ne5 17. Nce4 Nc6 18. Qd2 Nxe4 19. Nxe4 d5 20. b5 dxe4 21. Qc3 Bf6 22. Rxd8 Bxc3 23. Rxf8+ Kxf8 24. Rxc3 Nb8 25. f3 exf3+ 26. Kxf3 Ke8 27. bxa6 Nxa6 28. Ra3 Nb4 29. Ra4 Nc6 30. Bxg7 Na5 31. Kf4 Nxc4 32. e4 Nd6 33. Be5 Nc4 34. Bf6 h6 35. g4 Kd7 36. Ra7+ Kc6 37. h4 Nd6 38. h5 b5 39. Bg7 f5 40. e5 Nb7 41. gxf5 exf5 42. Ra6+ Kd5 43. Rxh6 Ra8 44. Rb6 Nc5 45. Rxb5 Kc6 46. Rxc5+ Kxc5 47. h6 1-0

[Event "New Delhi Parsvnath op 9th"]
[Site "New Delhi"]
[Date "2011.01.08"]
[Round "1"]
[White "Sundararajan, Kidambi"]
[Black "Arun, Karthik R"]
[Result "1/2-1/2"]
[WhiteElo "2449"]
[BlackElo "2294"]
[PlyCount "74"]
[EventDate "2011.01.08"]
[EventType "swiss"]
[EventRounds "11"]
[EventCountry "IND"]
[SourceTitle "CBM 140 Extra"]
[Source "ChessBase"]
[SourceDate "2011.03.01"]
[SourceVersion "1"]
[SourceVersionDate "2011.03.01"]
[SourceQuality "1"]

1. d4 Nf6 2. c4 e6 3. Nc3 Bb4 4. e3 d5 5. a3 Bxc3+ 6. bxc3 c6 7. Bd3 0-0 8. Ne2 b6 9. 0-0 Ba6 10. cxd5 Bxd3 11. Qxd3 cxd5 12. f3 Nbd7 13. Ng3 e5 14. e4 exd4 15. cxd4 dxe4 16. fxe4 Nc5 17. Qe3 Ng4 18. Qc3 Na4 19. Qb4 Qh4 20. h3 Qxg3 21. hxg4 Qc3 22. Bd2 Qxb4 23. axb4 b5 24. Kf2 Rfe8 25. Kf3 Rad8 26. d5 h5 27. g5 f5 28. gxf6 gxf6 29. Rh1 f5 30. Rxh5 fxe4+ 31. Ke3 Nb6 32. Rg5+ Kf8 33. Rf1+ Ke7 34. Kxe4 Rxd5 35. Rxd5 Nxd5 36. Kxd5 Rd8+ 37. Kc5 Rxd2 1/2-1/2

[Event "IND-chB 48th"]
[Site "Bhiwani"]
[Date "2010.09.26"]
[Round "13"]
[White "Arun, Karthik R"]
[Black "Konguvel, Ponnuswamy"]
[Result "0-1"]
[WhiteElo "2289"]
[BlackElo "2416"]
[PlyCount "77"]
[EventDate "2010.09.16"]
[EventType "swiss"]
[EventRounds "13"]
[EventCountry "IND"]
[SourceTitle "CBM 138 Extra"]
[Source "ChessBase"]
[SourceDate "2010.10.29"]
[SourceVersion "1"]
[SourceVersionDate "2010.10.29"]
[SourceQuality "1"]

1. e4 c5 2. Nf3 e6 3. d4 cxd4 4. Nxd4 Nc6 5. Nc3 Qc7 6. f4 a6 7. Nxc6 Qxc6 8. Bd3 b5 9. Qe2 Bb7 10. Bd2 Bc5 11. 0-0-0 Ne7 12. Rhf1 b4 13. Nb1 0-0 14. Rf3 f5 15. Re1 a5 16. Rh3 Rac8 17. exf5 Nxf5 18. Qh5 h6 19. g4 Ne7 20. g5 Bd4 21. gxh6 g6 22. Qxa5 Nd5 23. Qb5 Nxf4 24. Bxf4 Rxf4 25. Qg5 e5 26. Qxg6+ Qxg6 27. Bxg6 Rf2 28. h7+ Kh8 29. a3 e4 30. c3 bxc3 31. Nxc3 d5 32. Rd1 Be5 33. Kb1 Rb8 34. b4 Rc8 35. Rc1 Bf4 36. Rd1 e3 37. Nb5 e2 38. Re1 Rf1 39. Rxf1 0-1

[Event "IND-chB 48th"]
[Site "Bhiwani"]
[Date "2010.09.23"]
[Round "10"]
[White "Navin, Kanna TU"]
[Black "Arun, Karthik R"]
[Result "1-0"]
[WhiteElo "2329"]
[BlackElo "2289"]
[PlyCount "99"]
[EventDate "2010.09.16"]
[EventType "swiss"]
[EventRounds "13"]
[EventCountry "IND"]
[SourceTitle "CBM 138 Extra"]
[Source "ChessBase"]
[SourceDate "2010.10.29"]
[SourceVersion "1"]
[SourceVersionDate "2010.10.29"]
[SourceQuality "1"]

1. Nf3 Nf6 2. c4 e6 3. g3 b6 4. Bg2 Bb7 5. 0-0 c5 6. Nc3 d6 7. d4 cxd4 8. Qxd4 a6 9. Rd1 Be7 10. b3 Nbd7 11. e4 Qc7 12. Ba3 Nc5 13. e5 dxe5 14. Qxe5 Rc8 15. Bc1 Qxe5 16. Nxe5 Bxg2 17. Kxg2 Ncd7 18. Nxd7 Nxd7 19. Ne4 Rc6 20. Bb2 f5 21. Nd2 Bf6 22. Bxf6 gxf6 23. Nf3 Ke7 24. Rd2 Ne5 25. Rad1 Rc7 26. Nd4 Kf7 27. f4 Ng6 28. Nf3 Rhc8 29. Rd6 b5 30. Nd4 bxc4 31. bxc4 Nf8 32. Re1 Rxc4 33. Nxe6 Rc2+ 34. Kh3 Nxe6 35. Rexe6 Rxa2 36. Rxf6+ Kg7 37. Rxf5 Rcc2 38. Kg4 Rxh2 39. Rc5 Kf7 40. Rc7+ Ke8 41. Rb6 Kd8 42. Rg7 Kc8 43. Rf6 h5+ 44. Kg5 Rad2 45. Rxa6 Rd7 46. Ra8+ Kb7 47. Rxd7+ Kxa8 48. f5 Rg2 49. Kxh5 Rxg3 50. f6 1-0

[Event "IND-chB 48th"]
[Site "Bhiwani"]
[Date "2010.09.21"]
[Round "8"]
[White "Saptarshi, Roy Chowdhury"]
[Black "Arun, Karthik R"]
[Result "1/2-1/2"]
[WhiteElo "2387"]
[BlackElo "2289"]
[PlyCount "154"]
[EventDate "2010.09.16"]
[EventType "swiss"]
[EventRounds "13"]
[EventCountry "IND"]
[SourceTitle "CBM 138 Extra"]
[Source "ChessBase"]
[SourceDate "2010.10.29"]
[SourceVersion "1"]
[SourceVersionDate "2010.10.29"]
[SourceQuality "1"]

1. e4 d6 2. d4 Nf6 3. Nc3 g6 4. Be3 c6 5. f3 b5 6. Qd2 Nbd7 7. g4 Qa5 8. h4 Nb6 9. h5 gxh5 10. g5 Nfd7 11. f4 Bg7 12. Nf3 Bb7 13. a3 b4 14. Na2 c5 15. axb4 cxb4 16. Bd3 f5 17. gxf6 Nxf6 18. Ng5 h6 19. Ne6 Nxe4 20. Nxg7+ Kf7 21. Qg2 b3+ 22. c3 Qxa2 23. Rxa2 bxa2 24. 0-0 Rhg8 25. Bxe4 Rxg7 26. Bxb7 Rb8 27. Bf3 Rxg2+ 28. Bxg2 Na4 29. Bd5+ e6 30. Bxa2 Rxb2 31. Bc4 Nxc3 32. f5 Ne2+ 33. Bxe2 Rxe2 34. fxe6+ Kxe6 35. Bxh6 Re4 36. Ra1 Rxd4 37. Rxa7 Kf5 38. Kf2 Ke4 39. Be3 Rc4 40. Re7+ Kf5 41. Rf7+ Ke4 42. Re7+ Kf5 43. Kf3 d5 44. Rf7+ Ke5 45. Rh7 h4 46. Rh5+ Ke6 47. Bf4 h3 48. Kg4 d4 49. Kxh3 d3 50. Kg3 Rd4 51. Bd2 Rd5 52. Rh6+ Ke5 53. Rh4 Kd6 54. Kf3 Kc5 55. Ke3 Kb5 56. Bc3 Kc5 57. Kd2 Rd7 58. Bb4+ Kb5 59. Bf8 Rd5 60. Bh6 Kc6 61. Be3 Rb5 62. Kxd3 Rb3+ 63. Ke4 Rb4+ 64. Bd4 Rb1 65. Rh6+ Kd7 66. Kd5 Rd1 67. Rh7+ Kd8 68. Ke5 Kc8 69. Bc5 Rd7 70. Be7 Kb7 71. Ke6 Kc6 72. Rh1 Rd2 73. Rc1+ Kb5 74. Bf6 Rh2 75. Kd5 Rh5+ 76. Be5 Ka5 77. Rb1 Rg5 1/2-1/2

[Event "Wch U20 49th"]
[Site "Chotowa"]
[Date "2010.08.14"]
[Round "11"]
[White "Botta, Gabriele"]
[Black "Arun, Karthik R"]
[Result "0-1"]
[WhiteElo "2302"]
[BlackElo "2289"]
[PlyCount "56"]
[EventDate "2010.08.03"]
[EventType "swiss"]
[EventRounds "13"]
[EventCountry "POL"]
[SourceTitle "CBM 137 Extra"]
[Source "ChessBase"]
[SourceDate "2010.09.01"]
[SourceVersion "1"]
[SourceVersionDate "2010.09.01"]
[SourceQuality "1"]

1. e4 e5 2. Nf3 Nc6 3. Bb5 a6 4. Ba4 Nf6 5. 0-0 Be7 6. Re1 b5 7. Bb3 d6 8. c3 0-0 9. h3 Bb7 10. d3 Na5 11. Bc2 c5 12. Nbd2 Nc6 13. Nf1 Re8 14. Ng3 Bf8 15. a3 g6 16. d4 cxd4 17. cxd4 Nxd4 18. Nxd4 exd4 19. Qxd4 Bg7 20. Qd1 d5 21. e5 Ne4 22. Bf4 Bxe5 23. Bxe5 Rxe5 24. f3 Qg5 25. Nxe4 dxe4 26. fxe4 Rd8 27. Qf3 Rd2 28. Bd3 Rf5 0-1

[Event "Wch U20 49th"]
[Site "Chotowa"]
[Date "2010.08.13"]
[Round "10"]
[White "Arun, Karthik R"]
[Black "Spoelman, Wouter"]
[Result "1/2-1/2"]
[WhiteElo "2289"]
[BlackElo "2580"]
[PlyCount "63"]
[EventDate "2010.08.03"]
[EventType "swiss"]
[EventRounds "13"]
[EventCountry "POL"]
[SourceTitle "CBM 137 Extra"]
[Source "ChessBase"]
[SourceDate "2010.09.01"]
[SourceVersion "1"]
[SourceVersionDate "2010.09.01"]
[SourceQuality "1"]

1. e4 e5 2. Nf3 Nc6 3. Bb5 a6 4. Ba4 Nf6 5. 0-0 Be7 6. Re1 b5 7. Bb3 d6 8. c3 0-0 9. h3 Nb8 10. d4 Nbd7 11. Nbd2 Bb7 12. Bc2 c5 13. Nf1 Qc7 14. Ng3 cxd4 15. cxd4 Rac8 16. Re2 exd4 17. Nxd4 Rfe8 18. a4 bxa4 19. Bxa4 g6 20. Bg5 Qd8 21. Rc1 Rxc1 22. Qxc1 Qa5 23. Bxd7 Nxd7 24. Bxe7 Rxe7 25. Nc6 Bxc6 26. Qxc6 Ne5 27. Qxd6 Rd7 28. Qf6 Qc7 29. Kh2 Rd1 30. Re3 h5 31. Rc3 Qb8 32. Qg5 1/2-1/2

[Event "Wch U20 49th"]
[Site "Chotowa"]
[Date "2010.08.06"]
[Round "4"]
[White "Arun, Karthik R"]
[Black "Lewicki, Miroslaw"]
[Result "1-0"]
[WhiteElo "2289"]
[BlackElo "2149"]
[PlyCount "48"]
[EventDate "2010.08.03"]
[EventType "swiss"]
[EventRounds "13"]
[EventCountry "POL"]
[SourceTitle "CBM 137 Extra"]
[Source "ChessBase"]
[SourceDate "2010.09.01"]
[SourceVersion "1"]
[SourceVersionDate "2010.09.01"]
[SourceQuality "1"]

1. e4 c5 2. Nf3 d6 3. d4 cxd4 4. Nxd4 Nf6 5. Nc3 a6 6. Be3 e5 7. Nb3 Be7 8. Qd2 0-0 9. 0-0-0 a5 10. a4 Be6 11. f3 Nbd7 12. g4 Nb6 13. Qf2 Nfd7 14. Kb1 Rc8 15. Bb5 Nc4 16. Nd5 Bxd5 17. Rxd5 Qc7 18. Bxc4 Qxc4 19. Nxa5 Qxa4 20. b3 Qa3 21. Qe1 b6 22. Bc1 Qxa5 23. Rxa5 bxa5 24. Qxa5 Nc5 1-0

[Event "Chennai op 2nd"]
[Site "Chennai"]
[Date "2010.01.29"]
[Round "6"]
[White "Iuldachev, Saidali"]
[Black "Arun, Karthik R"]
[Result "1/2-1/2"]
[WhiteElo "2519"]
[BlackElo "2345"]
[PlyCount "154"]
[EventDate "2010.01.25"]
[EventType "swiss"]
[EventRounds "11"]
[EventCountry "IND"]
[SourceTitle "CBM 134 Extra"]
[Source "ChessBase"]
[SourceDate "2010.03.03"]
[SourceVersion "1"]
[SourceVersionDate "2010.03.03"]
[SourceQuality "1"]

1. e4 e5 2. Nf3 Nc6 3. Nc3 Nf6 4. Bb5 Bb4 5. 0-0 0-0 6. d3 Bxc3 7. bxc3 d6 8. Bg5 Qe7 9. Re1 Nd8 10. d4 Ne6 11. Bd2 c6 12. Bd3 Nd7 13. g3 Re8 14. Bf1 b6 15. a4 c5 16. dxe5 Nxe5 17. Nh4 g6 18. f4 Nc6 19. Bc4 Nc7 20. Bd5 Qd7 21. c4 Ba6 22. Bc3 Rac8 23. Nf3 Na5 24. Ng5 Bxc4 25. Bxc4 Nxc4 26. Qd3 d5 27. exd5 Rxe1+ 28. Rxe1 Qxd5 29. Ne4 Qxd3 30. cxd3 Na3 31. Nf6+ Kg7 32. Re7 Ne6 33. Be5 c4 34. Rxa7 cxd3 35. Ng4+ Kg8 36. Nf6+ Kg7 37. Ne4+ Kg8 38. Nf6+ Kg7 39. Nd5+ Kh6 40. Ne3 f5 41. g4 Nc4 42. g5+ Nxg5 43. fxg5+ Kxg5 44. Nxc4 Rxc4 45. Rd7 Rxa4 46. Rxd3 f4 47. Bc7 b5 48. Kg2 Rc4 49. Rd5+ Kh6 50. Bd8 Kg7 51. Bg5 b4 52. Rd7+ Kg8 53. Kf3 b3 54. Rb7 Rc3+ 55. Kxf4 Rh3 56. Kg4 Rxh2 57. Rxb3 Kf7 58. Rb7+ Ke6 59. Bh4 h5+ 60. Kg5 Rg2+ 61. Kh6 Kf5 62. Rb4 Rg4 63. Rb5+ Ke4 64. Bg5 h4 65. Rb3 Kf5 66. Rf3+ Ke4 67. Rh3 Kf5 68. Bxh4 g5 69. Be1 Re4 70. Rh1 Kg4 71. Bd2 Re6+ 72. Kg7 Re5 73. Rg1+ Kh5 74. Rh1+ Kg4 75. Kf6 Rb5 76. Rg1+ Kh5 77. Bxg5 Rf5+ 1/2-1/2

[Event "Chennai op 2nd"]
[Site "Chennai"]
[Date "2010.01.25"]
[Round "1"]
[White "Arun, Karthik R"]
[Black "Aadityan, N."]
[Result "1-0"]
[WhiteElo "2345"]
[BlackElo "1760"]
[PlyCount "135"]
[EventDate "2010.01.25"]
[EventType "swiss"]
[EventRounds "11"]
[EventCountry "IND"]
[SourceTitle "CBM 134 Extra"]
[Source "ChessBase"]
[SourceDate "2010.03.03"]
[SourceVersion "1"]
[SourceVersionDate "2010.03.03"]
[SourceQuality "1"]

1. e4 e6 2. d3 d5 3. Nd2 c5 4. Ngf3 Nf6 5. g3 g6 6. Bg2 Bg7 7. 0-0 0-0 8. Re1 b6 9. e5 Nfd7 10. Nf1 Nc6 11. Bf4 Qc7 12. Qe2 Ba6 13. h4 Rae8 14. N1h2 Qd8 15. Ng4 f6 16. exf6 Nxf6 17. Nge5 Nxe5 18. Nxe5 Bb7 19. Qd2 Nd7 20. Re2 Nxe5 21. Bxe5 Bxe5 22. Rxe5 Rf5 23. Rae1 Qf6 24. f4 Rxe5 25. Rxe5 Rd8 26. Qe2 Rd6 27. h5 Kg7 28. hxg6 hxg6 29. c3 Bc6 30. Bh3 Bd7 31. Qh2 d4 32. c4 Be8 33. Bg4 Bf7 34. Qg2 Qd8 35. Qb7 Qd7 36. Qxd7 Rxd7 37. Bxe6 Bxe6 38. Rxe6 Kf7 39. Re5 Kf6 40. Kg2 Rh7 41. a3 Rc7 42. b4 Rc6 43. bxc5 bxc5 44. Kf3 Ra6 45. Rxc5 Rxa3 46. Ke4 a5 47. Kxd4 a4 48. g4 Ra1 49. Rc6+ Kf7 50. f5 gxf5 51. gxf5 a3 52. Ra6 a2 53. c5 Ke7 54. Re6+ Kd7 55. Re2 Rf1 56. Rxa2 Rxf5 57. Kc4 Rf1 58. d4 Rf4 59. Ra7+ Kc6 60. Ra6+ Kd7 61. Rh6 Rf1 62. Rh7+ Kc8 63. c6 Rc1+ 64. Kd5 Rg1 65. Kc5 Rd1 66. d5 Rg1 67. Rh8+ Kc7 68. d6# 1-0

[Event "New Delhi Parsvnath op 8th"]
[Site "New Delhi"]
[Date "2010.01.18"]
[Round "7"]
[White "Kryakvin, Dmitry"]
[Black "Arun, Karthik R"]
[Result "1/2-1/2"]
[WhiteElo "2575"]
[BlackElo "2345"]
[PlyCount "100"]
[EventDate "2010.01.14"]
[EventType "swiss"]
[EventRounds "11"]
[EventCountry "IND"]
[SourceTitle "CBM 134 Extra"]
[Source "ChessBase"]
[SourceDate "2010.03.03"]
[SourceVersion "1"]
[SourceVersionDate "2010.03.03"]
[SourceQuality "1"]

1. d4 Nf6 2. Nf3 e6 3. c4 b6 4. Nc3 Bb7 5. a3 d5 6. cxd5 Nxd5 7. Qc2 Nd7 8. Nxd5 exd5 9. Bg5 Qc8 10. e3 Bd6 11. Bd3 h6 12. Bh4 0-0 13. Rc1 c5 14. Bf5 Qe8 15. Bg3 Be7 16. Qe2 Nf6 17. dxc5 bxc5 18. 0-0 Ne4 19. Ne5 Qa4 20. Qg4 Qa6 21. Rfd1 Nxg3 22. hxg3 Rfd8 23. b4 c4 24. b5 Qf6 25. Nd7 Qg5 26. Qxg5 hxg5 27. Ne5 g6 28. Bd7 Bxa3 29. Rc2 Bd6 30. Bc6 Bxe5 31. Bxb7 Rab8 32. Bxd5 c3 33. e4 Kf8 34. Rb1 Rd6 35. Ra1 Bd4 36. Ra4 Be5 37. Rxa7 Rxb5 38. Rxf7+ Ke8 39. Ra7 Rb2 40. Ra2 Rxc2 41. Rxc2 Rb6 42. Bc4 Rb1+ 43. Kh2 g4 44. Be2 Rb2 45. Bd3 Ke7 46. f4 gxf3 47. gxf3 g5 48. Kh3 Rxc2 49. Bxc2 Kf6 50. Kg4 Bd6 1/2-1/2